| 000 | 00980cam a22002535a 4500 | ||
|---|---|---|---|
| 999 |
_c14832 _d14832 |
||
| 008 | 101110t2007 enka frb 001 0 eng d | ||
| 020 | _a9780863566851 | ||
| 040 |
_aEG-ScBUE _beng _cEG-ScBUE _dEG-ScBUE |
||
| 082 | 0 | 4 |
_a327.41062 _bBRI _222 |
| 245 |
_aBritish-Egyptian relations from Suez to the present day / _cEdited by Noel Brehony, Ayman El-Desouky |
||
| 260 |
_aLondon : _bSaqi, _cc.2007. |
||
| 300 |
_a334 p. : _bill. ; _c21 cm. |
||
| 490 | _aSOAS Middle East Issues | ||
| 504 | _aIncludes bibliographical references and index. | ||
| 650 | _2BUEsh | ||
| 651 | 7 |
_921124 _aGreat Britain _xForeign relations _y1945- _2BUEsh |
|
| 651 | 7 |
_921125 _aGreat Britain _xForeign relations _zEgypt _2BUEsh |
|
| 651 | 7 |
_921126 _aEgypt _xForeign relations _y1952- _2BUEsh |
|
| 651 | 7 |
_921127 _a Egypt _xForeign relations _y1952- _zGreat Britain _2BUEsh |
|
| 653 |
_bBUSBOL _cJune2019 |
||
| 700 |
_921129 _aBrehony, Noel, _eEditor. |
||
| 700 |
_921130 _aEl-Desouky, Ayman, _eEditor. |
||
| 942 | _2ddc | ||